000 00679nab#a2200229#c#4500
999 _c19303
_d19303
003 IEF
005 20191204135800.0
008 950704s1976 uuu|| #####0 b| |u
040 _aIEF
_cES-MaIEF
100 1 _aMateo del Peral, Diego
_928622
245 _aUna mentalidad conservadora
_ba propósito de Andrés Borrego
_c Diego Mateo del Peral
260 _c1976
500 _aBibliografía
650 4 _aHISTORIA ECONOMICA
_945401
650 4 _aESPAÑA
_941092
650 4 _aBORREGO, ANDRES (1802-1891)
_933438
650 4 _aCRITICA E INTERPRETACION
_941528
773 0 _tHacienda pública española
_w34570
_g38, p. 265-270
942 _2udc
942 _2udc